Vocabulaire anglais n°8 - Statistiques

Statistiques générales
  • Ce quiz a été pris 145 fois
  • Le résultat moyen est 4 sur 20
Statistiques - réponses
Hint Réponse % Correct
la reine d'Angleterre the Queen of England
78%
la famille royale the Royal family
70%
le premier ministre the Prime Minister
61%
un duc a duke
34%
le Parlement Parliament
34%
un comté a county
28%
le parti conservateur the Conservative Party
23%
le parti travailliste the Labour Party
21%
la chambre des Lords the House of Lords
18%
la Chambre des Communes the House of Commons
15%
les démocrates libéraux the Liberal Democrats
11%
un député a MP
7%
un comte an earl
4%
le ministère des affaires étrangères the Foreign Office
4%
un lord a peer
3%
le gouvernement the Cabinet
2%
une loi an Act of Parliament
1%
le ministre de l'intérieur the Home secretary
1%
le président de la chambre the Speaker
1%
anoblir to ennoble
1%
Aucun quiz correspondant
Distribution des résultats
% des personnes avec chaque résultat
Percentile par nombre de réponses
Votre historique - résultats
Vous n’avez pas pris ce quiz